Catálogo

Psicología de la salud (Registro nro. 63972)

Detalles MARC
000 -LEADER
fixed length control field 00807nam a2200241 u 4500
001 - CONTROL NUMBER
control field 63972
003 - CONTROL NUMBER IDENTIFIER
control field Mx-PuUPA
005 - DATE AND TIME OF LATEST TRANSACTION
control field 20260515114703.0
008 - FIXED-LENGTH DATA ELEMENTS--GENERAL INFORMATION
fixed length control field 160220s2004 mx r 000 0 spa d
020 ## - INTERNATIONAL STANDARD BOOK NUMBER
International Standard Book Number 9788483223437
040 ## - CATALOGING SOURCE
Transcribing agency Mx-PuUPA
041 1# - LANGUAGE CODE
Language code of text/sound track or separate title spa
Language code of librettos eng
082 04 - DEWEY DECIMAL CLASSIFICATION NUMBER
Classification number xxx
Item number M8218
Edition number 23
100 1# - MAIN ENTRY--PERSONAL NAME
Personal name Morrison, Val,
Relator term autor
245 10 - TITLE STATEMENT
Title Psicología de la salud
264 #1 - PRODUCTION, PUBLICATION, DISTRIBUTION, MANUFACTURE, AND COPYRIGHT NOTICE
Place of production, publication, distribution, manufacture Madrid, España :
Name of producer, publisher, distributor, manufacturer Pearson Educación,
Date of production, publication, distribution, manufacture, or copyright notice 2008
336 ## - CONTENT TYPE
Content type term texto
Source rdacontent
337 ## - MEDIA TYPE
Media type term sin medio
Source rdamedia
338 ## - CARRIER TYPE
Carrier type term volumen
Source rdacarrier
942 ## - ADDED ENTRY ELEMENTS (KOHA)
Source of classification or shelving scheme Dewey Decimal Classification
Koha item type Libro
Existencias
Withdrawn status Lost status Source of classification or shelving scheme Damaged status Not for loan Collection code Home library Current library Shelving location Date acquired Source of acquisition Cost, normal purchase price Inventory number Total Checkouts Barcode Date last seen Cost, replacement price Price effective from Koha item type
    Dewey Decimal Classification   En catalogación General Biblioteca Karol Wojtyla Biblioteca Karol Wojtyla Procesos técnicos 18/05/2026 11 1591.53 151000000000000000082850   106554 18/05/2026 1591.53 18/05/2026 Libro R